00884 2200349 4500001002100000005001500021035002000036007000300056008004100059020002200100082001100122084001700133100002500150245006000175250000600235260003100241300004000272650001100312700001800323856001700341990001600358990001600374990001600390990001600406990001600422990001600438990001600454990001600470990001600486990001600502990001600518INLIS00000000000136720231211085411 a0010-1223000078ta231211 0 ind  a978-602-6847-61-4 a338.04 a338.04 NOO w0 aNoor Shodiq Askandar1 aWirausaha Saja! /cNoor Shodiq Askandar & Jeni Susyanti a- aJakarta :bErlangga,c2018 a136 hlm :bIlust ;c21 x 14,5 cme- 4aSosial0 aJeni Susyanti a338.04 NOO w a4953/B-2023 a3186/B-2021 a3187/B-2021 a3188/B-2021 a3189/B-2021 a3190/B-2021 a3191/B-2021 a3192/B-2021 a3193/B-2021 a3194/B-2021 a3195/B-2021